O mundo mediterrânico do séc. XII a.C. ao séc. III d.C. (Record no. 45505)
[ view plain ]
| 000 -Etiqueta do registo | |
|---|---|
| Valores | 00699cam a2200193 4500 |
| 100 ## - Dados gerais de processamento | |
| Dados gerais | 19940105d1945 m y0pory5003 ba |
| 101 0# - Língua de publicação | |
| Língua | por |
| 102 ## - País de publicação | |
| País | PT |
| 200 1# - Titulo e menção de responsabilidade | |
| Título próprio | O mundo mediterrânico do séc. XII a.C. ao séc. III d.C. |
| Informação de outro título | introducão geográfico-económica |
| Primeira menção de responsabilidade | Flausino Torres |
| 210 #9 - Publicação | |
| Local de publicação | Lisboa |
| Nome do editor | Edições Cosmos, |
| Data de publicação | 1945 |
| 215 ## - Descrição física | |
| Paginação / Volumes | 220 p. |
| Dimensões | 19 cm |
| 225 2# - Colecção | |
| Título próprio da colecção | Biblioteca Cosmos |
| Número de parte ou secção | 4.ª seccão |
| Indicação de volume | 94-95. |
| Nome de parte ou secção | Povos e civilizacões. Evolução da sociedade e suas instituições |
| Indicação de volume | 6-7 |
| 532 12 - | |
| Título desenvolvido | O mundo mediterrânico do século XII a.C. ao século III d.C. |
| 675 ## - CDU | |
| Notação | 94(4+7) |
| 700 #1 - Autor principal | |
| Apelido | Torres, |
| Nome | Flausino, |
| Datas | 1906-1974 |
| 801 #0 - Fonte de origem | |
| País | PT |
| Agência | BN |
| Regras de catalogação | RPC |
| 990 ## - Elementos KOHA | |
| Tipo de documento | Livro |
| Aquisição | Empréstimo | Código de barras | Cota | Permissão de empréstimo | Tipo de documento |
|---|---|---|---|---|---|
| Biblioteca Municipal de Redondo | Biblioteca Municipal de Redondo | 056211 | 94(4+7) TOR | Consulta presencial | Livro |